| 000 | 00000nam##2200000za#4500 |
| 001 | 9.611128 |
| 003 | CaOODSP |
| 005 | 20200327121622 |
| 007 | ta |
| 008 | 150406|1994||||xxc||||| f|0| 0 eng|d |
| 020 | |a0-660-14018-7 |
| 022 | |a0833-0506 |
| 040 | |aCaOODSP|beng |
| 043 | |an-cn--- |
| 086 | 1 |aNM95-31/7E |
| 110 | 1 |aCanada.|bCanadian Museum of Civilization. |
| 245 | 10|aMartin Frobisher's northwest venture, 1576-1581 : |bMines, minerals & metallurgy / |cby D.D. Hogarth et al. |
| 246 | 3 |aMines, Minerals and Metallurgy |
| 260 | |aGatineau - Quebec : |bCanadian Museum of Civilization |c1994. |
| 300 | |axiii, 181p. : |bfigs., maps, references, tables ; |c25 cm. |
| 490 | 1 |aDirectorate paper|x0833-0506|vNo. 7 |
| 500 | |a"This is an appraisal of Martin Frobisher's voyages to Baffin Island in 1576, 1577 and 1578, from the viewpoint of his attempt to mine and process gold ore."--Preface. |
| 500 | |aAlso part of: Mercury series (ISSN 0316-1854). |
| 520 | 3 |aThis is an appraisal of Martin Frobisher's voyages to Baffin Island in 1576, 1577 and 1578, from the viewpoint of his attempt to mine and process gold ore.--Preface |
| 546 | |aRésumé en français. |
| 563 | |aSoftcover |
| 690 | 07|aMining industry|2gcpds |
| 690 | 07|aMetals|2gcpds |
| 690 | 07|aMinerals|2gcpds |
| 690 | 07|aNorthern Canada|2gcpds |
| 720 | 1 |aHogarth, D. D. |
| 776 | 0#|tMartin Frobisher's northwest venture, 1576-1581 : |w(CaOODSP)9.557063 |
| 776 | 0#|tMartin Frobisher's northwest venture, 1576-1581 : |w(CaOODSP)9.557079 |
| 830 | #0|aDirectorate paper,|x0833-0506|vNo. 7|w(CaOODSP)9.514832 |